000 00734nam a2200193Ii 4500
003 JO-AjNU
008 230605s9999||||xx |||||||||||||| ||und||
040 _aJO-AjNU
_bara
_erda
_cJO-AjNU
041 _aara
050 1 4 _aDS36.8.S25 1995
100 3 _aالشامي، علي,
_eauthor
_941729
245 0 0 _aالحضارة والنظام العالمي: أصول العالمية في حضارتي الإسلام والغرب
264 3 1 _aبيروت: دار الانسانية، 1995
300 _a495ص
336 _atext
_btxt
_2rdacontent
337 _aunmediated
_bn
_2rdamedia
338 _avolume
_bnc
_2rdacarrier
650 4 _aالحضارة العربية- الحضارة الغربية- نظام عالمي جديد
_941730
999 _aA17815
_c21383
_d21383